Discussion paper pursuant to CITES resolution CONF 9.17 an overview of the impacts on the biological atatus of sharks (Registro nro. 5111)

Detalles MARC
000 -CABECERA
Campo de control 00541nam a2200169 a 4500
005 - FECHA Y HORA DE LA ULTIMA TRANSACCION
Campo de control 20160112110859.0
008 - ELEMENTOS DE LONGITUD FIJA—INFORMACION GENERAL
Campo de control 140318b1996 xr ||||| |||| 00| 0 eng d
040 ## - FUENTE DE CATALOGACIÓN
Agencia catalogadora original CO-BoIAVH
Agencia transcriptora CO-BoIAVH
041 ## - IDIOMA
Código de idioma para texto/pista de sonido o título separado Inglés
082 #4 - NUMERO DE CLASIFICACION DECIMAL DEWEY
Número de clasificación 338.37273
Número del ítem D61d
245 ## - MENCION DE TITULO
Título Discussion paper pursuant to CITES resolution CONF 9.17 an overview of the impacts on the biological atatus of sharks
260 ## - PUBLICACION, DISTRIBUCION, ETC. (PIE DE IMPRENTA)
Lugar de publicación, distribución, etc. s.l.
Nombre del editor, distribuidor, etc. CITES
Fecha de publicación, distribución, etc. 1996
300 ## - DESCRIPCION FISICA
Extensión 65 paginas.:
Otros detalles físicos gragicas;
Dimensiones 30 x 22 cm
650 #6 - ASIENTO SECUNDARIO DE MATERIA - TERMINO TEMATICO
Término temático o nombre geográfico como elemento de entrada Tiburón
650 #6 - ASIENTO SECUNDARIO DE MATERIA - TERMINO TEMATICO
Término temático o nombre geográfico como elemento de entrada Peces marinos
942 ## - ELEMENTOS ADICIONALES (KOHA)
Tipo de ítem Libro
Sistema de clasificación Dewey Decimal Classification
Existencias
Withdrawn status Lost status Sistema de Clasificación Damaged status No para préstamo Colección Inventariado Ubicación Permanente Ubicación actual Fecha de adquisición Fuente de Valor Valor Total Checkouts Número topográfico Inventario / Código de Barras Date last seen Ejemplar Price effective from Forma de adquisición Tipo de material
    Dewey Decimal Classification     General Inventariado 2017 Bogotá Bogotá 10/01/2006 Instituto 39000.00   LB-338.37273 D61d 015198 04/12/2012 Ej. 1 04/12/2012   Libro